|
|
|
|
| LEADER |
00000nam a22000007a 4500 |
| 005 |
20191118141429.0 |
| 007 |
cr|||| |||| |
| 008 |
191118s2019 ve |||||s|||| 00||0 spa d |
| 020 |
|
|
|a 978-980-7561-07-5
|
| 035 |
|
|
|a 30690
|
| 040 |
|
|
|a vLex
|
| 090 |
|
|
|c 10046
|d 10046
|
| 100 |
1 |
|
|a Varela Cc̀eres, Edison Lucio
|
| 245 |
1 |
0 |
|a Lecciones de Derecho Civil I
|h [Recurso electrn̤ico] :
|b Personas /
|c Edison Lucio Varela Cc̀eres
|
| 256 |
|
|
|a Servicio en ln̕ea
|
| 260 |
|
|
|a Caracas:
|b Revista Venezolana de Legislacin̤ y Jurisprudencia,
|c 2019
|
| 300 |
|
|
|a 1 recurso electrn̤ico
|
| 506 |
1 |
|
|a Disponible solo en los productos indicados
|d vLex Global
|d vLex Global (Academic Edition, excluding Law Schools)
|d vLex Global (U.S. Academic Edition, Law Schools)
|d vLex Global (U.S. Academic Edition, excluding Law Schools)
|d vLex Global (Academic Edition, Law Schools)
|
| 650 |
0 |
4 |
|a Derecho Civil
|z Venezuela
|
| 650 |
0 |
4 |
|a Persona
|z Venezuela
|
| 740 |
0 |
|
|a vLex Libros (Servicio en ln̕ea)
|
| 856 |
4 |
0 |
|u http://vlex.com/source/lecciones-de-derecho-civil-i-personas-30690
|z Acceso restringido
|
| 942 |
|
|
|c BOOK
|
| 999 |
0 |
|
|a Civil Law
|
| 999 |
0 |
|
|a Person
|